2017 LA Dodgers Roster - Statistics

General Stats
  • This quiz has been taken 116 times
    11 since last reset
  • The average score is 11 of 57
Answer Stats
Position Player % Correct
Pitcher Clayton Kershaw
100%
Outfielder Cody Bellinger
89%
Infielder Justin Turner
89%
Outfielder Yasiel Puig
89%
Infielder Corey Seager
78%
Catcher Yasmani Grandal
67%
Catcher Austin Barnes
56%
Infielder Chris Taylor
44%
Pitcher Hyun-jin Ryu
44%
Outfielder Joc Pederson
44%
Pitcher Kenley Jansen
44%
Pitcher Brandon Morrow
33%
Infielder Chase Utley
33%
Pitcher Julio Urias
33%
Pitcher Kenta Maeda
33%
Outfielder Kiké Hernandez
33%
Center fielder Curtis Granderson
22%
Manager Dave Roberts
22%
Infielder Logan Forsythe
22%
Pitcher Pedro Baez
22%
Pitcher Rich Hill
22%
Pitcher Yu Darvish
22%
Infielder Adrian Gonzales
11%
Pitcher Alex Wood
11%
Outfielder Andre Ethier
11%
Pitcher Brandon McCarthy
11%
Pitcher Josh Fields
11%
Pitcher Ross Stripling
11%
Pitcher Tony Cingrani
11%
Pitcher Tony Watson
11%
Pitcher Walker Buehler
11%
Pitcher Adam Liberatore
0%
Outfielder Alex Verdugo
0%
Outfielder Andrew Toles
0%
Outfielder Brett Eibner
0%
Pitcher Brock Stewart
0%
Short Stop Charlie Culberson
0%
Pitcher Chris Hatcher
0%
Pitcher Edward Paredes
0%
Pitcher Fabio Castillo
0%
Outfielder Franklin Gutierrez
0%
Pitcher Grant Dayton
0%
Pitcher Jacob Rhame
0%
Pitcher Josh Ravin
0%
Catcher Kyle Farmer
0%
Pitcher Luis Avilan
0%
Pitcher Luke Farrell
0%
Infielder Mike Freeman
0%
Outfielder O'Koyea Dickson
0%
Third Baseman Rob Segedin
0%
Pitcher Scott Kazmir
0%
Outfielder Scott Van Slyke
0%
Pitcher Sergio Romo
0%
Infielder Tim Locastro
0%
Outfielder Trayce Thompson
0%
Pitcher Wilmer Font
0%
Pitcher Yimi Garcia
0%
No matching quizzes found
Score Distribution
Percent of People with Each Score
Percentile by Number Answered
Your Score History
You have not taken this quiz since the last reset